Normal view
MARC view
- Burg, B. R.
Entry Personal Name
001 - CONTROL NUMBER
- control field: 294840
003 - CONTROL NUMBER IDENTIFIER
- control field: KE-NaSUL
005 - DATE AND TIME OF LATEST TRANSACTION
- control field: 20250827095743.0
008 - FIXED-LENGTH DATA ELEMENTS
- fixed length control field: 250827|| aca||aabn | a|a d
040 ## - CATALOGING SOURCE
- Original cataloging agency: KE-NaSUL
- Transcribing agency: KE-NaSUL
100 ## - HEADING--PERSONAL NAME
- Personal name: Burg, B. R.
- Fuller form of name: (Barry Richard),
- Dates associated with a name: 1938-
- Title of a work: Sodomy and the perception of evil
670 ## - SOURCE DATA FOUND
- Source citation: Work cat.: (KE-NaSUL)266274: Burg, B. R. (Barry Richard), 1938- 215223, Sodomy and the pirate tradition, c1995.